Statistics for Lowest Scoring Premier League Teams

Click here to take the quiz!

General Stats

  • This quiz has been taken 55 times
  • The average score is 13 of 20

Answer Stats

Answer% Correct
Sunderland
85%
Aston Villa
83%
Derby County
78%
Norwich City
76%
Middlesbrough
76%
Leeds United
74%
Birmingham City
70%
Wolverhampton Wanderers
70%
Ipswich Town
67%
Blackburn Rovers
67%
Stoke City
67%
Burnley
65%
Watford
63%
Queens Park Rangers
63%
Crystal Palace
63%
Manchester City
61%
Nottingham Forest
59%
Wimbledon
43%
Bradford City
37%
Arsenal
30%

Score Distribution

Percentile by Number Answered

Percent of People with Each Score

Your Score History

You have not taken this quiz